000 01354nam a22002897a 4500
999 _c65495
_d65495
005 20240530110827.0
008 190808s2019 ua ak g b 000 0 ara d
017 _a2018/22442
_bمصر. دار الكتب
020 _a9789770532355
040 _aEG-CaGPL
_cEG-CaGPL
082 0 4 _221
_a155.916/
_bس س
100 0 _aسهير محمود امين عبدالله
245 1 0 _aسيكولوجية الموهوبين والمتفوقين عقليا :
_bالخصائص، المشكلات، طرق وبرامج الرعاية /
_cتاليف سهير محمود امين عبدالله، سارة عاصم رياض صابر، فاطمة الزهراء محمد المصرى
250 _aط.1
260 _aالقاهرة :
_bمكتبة الانجلو المصرية ،
_c2019.
300 _a286 ص. :
_bايض ؛
_c24 سم.
504 _aيشتمل على ارجاعات ببليوجرافية
650 0 7 _2qrmak
_aالموهوبون
650 0 7 _2qrmak
_aالاطفال الموهوبون
650 0 7 _2qrmak
_aعلم النفس التربوى
650 0 7 _2qrmak
_aالاطفال
_xعلم النفس
651 _2qrmak
700 0 _aسارة عاصم رياض صابر
_eمؤلف مشارك
700 0 _aفاطمة الزهراء محمد المصرى
_eمؤلف مشارك
942 _2ddc
_cBK